[Event "Madrid-chT 1617"]
[Site "Madrid"]
[Date "2016.11.20"]
[Round "1.35"]
[White "Rabadan Velasco, Raul"]
[Black "Sanchez Gonzalez, Sergio"]
[Result "1/2-1/2"]
[WhiteElo "2230"]
[BlackElo "2282"]
[PlyCount "180"]
[EventDate "2016.11.20"]
[EventType "team-tourn"]
[EventRounds "14"]
[EventCountry "ESP"]
[SourceTitle "EXT 2018"]
[Source "ChessBase"]
[SourceDate "2017.10.13"]
[SourceVersion "1"]
[SourceVersionDate "2017.10.13"]
[SourceQuality "1"]
[WhiteTeam "Virgen de Atocha"]
[BlackTeam "Liberty Chess"]
[WhiteTeamCountry "ESP"]
[BlackTeamCountry "ESP"]

1. b3 e5 2. Bb2 Nc6 3. e3 Nf6 4. Bb5 Bd6 5. Na3 Na5 6. Be2 a6 7. d3 Qe7 8. Nb1 b5 9. Bf3 c6 10. Ne2 Bc7 11. Ng3 d5 12. Nd2 Rb8 13. 0-0 h5 14. e4 d4 15. c3 dxc3 16. Bxc3 h4 17. Nf5 Bxf5 18. exf5 b4 19. Bb2 0-0 20. Re1 Rfd8 21. d4 Qd7 22. dxe5 Nh7 23. Re2 Qxf5 24. Be4 Qh5 25. Bxh7+ Qxh7 26. Qb1 Rd3 27. Ne4 Rd5 28. Ng5 Qh5 29. Nf3 h3 30. Qe4 Re8 31. g4 Qh6 32. Qxb4 f5 33. gxf5 Qh5 34. Qe4 Rf8 35. f6 gxf6 36. Kh1 f5 37. Rg1+ Kf7 38. Qf4 Ke8 39. Re3 Bb6 40. Bd4 c5 41. Bc3 c4 42. Bd4 Bc7 43. Rg5 Qh7 44. bxc4 Rd7 45. Ng1 Qf7 46. Bc5 Nxc4 47. Bxf8 Nxe3 48. Qxe3 Qd5+ 49. Nf3 Kxf8 50. Rxf5+ Ke8 51. Qg5 Qd1+ 52. Ng1 Re7 53. Qg8+ Kd7 54. Qb3 Qxb3 55. axb3 Bxe5 56. Nxh3 Ke6 57. Rh5 Rb7 58. f4 Bb2 59. Nf2 Rxb3 60. Ne4 Bd4 61. Kg2 a5 62. Rxa5 Rb2+ 63. Kg3 Re2 64. Ng5+ Kf6 65. h4 Bc3 66. Rc5 Be1+ 67. Kg4 Rg2+ 68. Kf3 Rf2+ 69. Ke3 Rh2 70. Ne4+ Kg6 71. f5+ Kf7 72. Rc7+ Kf8 73. Ng5 Bxh4 74. Ne6+ Ke8 75. Kf4 Be7 76. Rb7 Rf2+ 77. Ke4 Re2+ 78. Kf3 Re1 79. Nf4 Rf1+ 80. Ke4 Re1+ 81. Kd5 Rd1+ 82. Ke4 Re1+ 83. Kf3 Rf1+ 84. Kg3 Rg1+ 85. Kh3 Rh1+ 86. Kg2 Re1 87. Nd5 Re5 88. Nxe7 Rxe7 89. Rb5 Re3 90. Kf2 Ra3 1/2-1/2

[Event "Madrid-chT 1415"]
[Site "Madrid"]
[Date "2014.12.14"]
[Round "3.4"]
[White "Gallego Jimenez, Victoriano"]
[Black "Rabadan Velasco, Raul"]
[Result "1-0"]
[WhiteElo "2340"]
[BlackElo "2254"]
[PlyCount "49"]
[EventDate "2014.11.23"]
[EventType "team-tourn"]
[EventRounds "14"]
[EventCountry "ESP"]
[SourceTitle "EXT 2016"]
[Source "ChessBase"]
[SourceDate "2015.10.08"]
[SourceVersion "1"]
[SourceVersionDate "2015.10.08"]
[SourceQuality "1"]
[WhiteTeam "Casa del Ajedrez"]
[BlackTeam "Virgen de Atocha"]
[WhiteTeamCountry "ESP"]
[BlackTeamCountry "ESP"]

1. d4 d6 2. Nf3 g6 3. g3 Bg7 4. Bg2 f5 5. 0-0 Nf6 6. b4 0-0 7. Bb2 c6 8. Nbd2 h6 9. c4 Be6 10. Qc2 Nbd7 11. Nh4 Qe8 12. e4 fxe4 13. Nxe4 g5 14. Nxf6+ Rxf6 15. d5 gxh4 16. Bxf6 Nxf6 17. dxe6 Ng4 18. Qf5 h5 19. Be4 d5 20. cxd5 cxd5 21. Qh7+ Kf8 22. Bg6 Qb5 23. Qxh5 Qxb4 24. Rab1 Qc4 25. Bd3 1-0

[Event "Madrid-chT 1314"]
[Site "Madrid"]
[Date "2014.02.02"]
[Round "8.43"]
[White "Madurga Lopez, Ignacio"]
[Black "Rabadan Velasco, Raul"]
[Result "1-0"]
[WhiteElo "2088"]
[BlackElo "2280"]
[PlyCount "89"]
[EventDate "2013.11.16"]
[EventType "team-tourn"]
[EventRounds "14"]
[EventCountry "ESP"]
[SourceTitle "EXT 2015"]
[Source "ChessBase"]
[SourceDate "2014.11.20"]
[SourceVersion "1"]
[SourceVersionDate "2014.11.20"]
[SourceQuality "1"]
[WhiteTeam "Vallecas CDV"]
[BlackTeam "Virgen de Atocha"]
[WhiteTeamCountry "ESP"]
[BlackTeamCountry "ESP"]

1. e4 g6 2. d4 Bg7 3. Nc3 d6 4. f4 a6 5. Nf3 Nd7 6. a4 c5 7. d5 Ngf6 8. Be2 0-0 9. 0-0 Qc7 10. Nd2 Rb8 11. a5 b5 12. axb6 Nxb6 13. Nb3 c4 14. Na5 Qc5+ 15. Kh1 e6 16. dxe6 Bxe6 17. Bf3 d5 18. e5 Ne8 19. Re1 Rd8 20. Nb7 Qc7 21. Nxd8 Qxd8 22. Rxa6 d4 23. Be3 Qc8 24. Rxb6 dxe3 25. Rxe3 Qc5 26. Rxe6 Qxe3 27. Nd5 Qf2 28. Rc6 g5 29. Rxc4 gxf4 30. Re4 Qc5 31. b4 Qa7 32. Nxf4 Nc7 33. c4 Re8 34. Qe1 Qa3 35. h4 Qb2 36. Nd3 Qc2 37. Qe2 Qb1+ 38. Kh2 Ra8 39. e6 f5 40. Rf4 Ra2 41. Qe3 Bh6 42. e7 Bxf4+ 43. Nxf4 Qxb4 44. Bd5+ Kg7 45. Qe5+ 1-0

[Event "Tres Cantos op 5th"]
[Site "Tres Cantos"]
[Date "2013.06.22"]
[Round "2"]
[White "Lopez Heras, Arturo"]
[Black "Rabadan Velasco, Raul"]
[Result "0-1"]
[WhiteElo "1960"]
[BlackElo "2287"]
[PlyCount "54"]
[EventDate "2013.06.21"]
[EventType "swiss"]
[EventRounds "9"]
[EventCountry "ESP"]
[SourceTitle "EXT 2014"]
[Source "ChessBase"]
[SourceDate "2013.11.20"]
[SourceVersion "1"]
[SourceVersionDate "2013.11.20"]
[SourceQuality "1"]

1. e4 c5 2. Nf3 d6 3. d4 cxd4 4. Nxd4 Nf6 5. Nc3 a6 6. Be3 e6 7. f3 h5 8. Qd2 b5 9. 0-0-0 Nbd7 10. h3 Bb7 11. Bd3 h4 12. f4 b4 13. Na4 Qa5 14. b3 Nxe4 15. Bxe4 Bxe4 16. Rhe1 Rc8 17. Bg1 Nf6 18. Re2 d5 19. Qe1 Qc7 20. Qf2 Bd6 21. Rf1 Nh5 22. Qxh4 Bxf4+ 23. Kb1 g5 24. Qg4 f5 25. Nxf5 exf5 26. Qxf5 Qxc2+ 27. Ka1 Qc1+ 0-1

[Event "Madrid Oliver Gonzalez Memorial-A 3rd"]
[Site "Madrid"]
[Date "2012.09.07"]
[Round "7"]
[White "Rabadan Velasco, Raul"]
[Black "Garcia Ruiz Fuentes, Angel Marcos"]
[Result "1-0"]
[WhiteElo "2347"]
[BlackElo "1943"]
[PlyCount "111"]
[EventDate "2012.09.01"]
[EventType "swiss"]
[EventRounds "9"]
[EventCountry "ESP"]
[SourceTitle "CBM 150 Extra"]
[Source "ChessBase"]
[SourceDate "2012.10.19"]
[SourceVersion "1"]
[SourceVersionDate "2012.10.19"]
[SourceQuality "1"]

1. d4 Nf6 2. c4 g6 3. Nc3 Bg7 4. e4 0-0 5. Nf3 d6 6. h3 e5 7. d5 a5 8. Be3 Na6 9. g4 Nd7 10. h4 Ndc5 11. Rg1 h6 12. h5 g5 13. Be2 Bd7 14. Nd2 Qe7 15. Nf1 Rfb8 16. Ng3 Qd8 17. Qd2 b6 18. f3 Rb7 19. Kf2 Qe8 20. Rab1 f6 21. b3 Nb8 22. Rgc1 Bf8 23. Kg2 Rba7 24. Bf2 Nba6 25. Nf1 Nb8 26. Ne3 Nba6 27. Bd1 Nb8 28. Nc2 Kh8 29. Na3 Qc8 30. Nab5 Ra6 31. a3 Kg8 32. Bc2 Kf7 33. Be3 Kg7 34. Rf1 Kh8 35. Rf2 Be8 36. Kh2 Bg7 37. Rg1 Nbd7 38. Ne2 Nf8 39. Ng3 Bxb5 40. cxb5 R6a7 41. Nf5 Qd7 42. Rfg2 Kh7 43. Qe2 Kg8 44. Qc4 Kh7 45. Rc1 Rc8 46. b4 Nb7 47. Bb1 axb4 48. axb4 Raa8 49. Rgc2 Qd8 50. Qd3 Qd7 51. Qc4 Qd8 52. Rc3 Rab8 53. Bxb6 cxb6 54. Qxc8 Rxc8 55. Rxc8 Qd7 56. R1c7 1-0

[Event "ESP-ch Universities"]
[Site "Alicante"]
[Date "2011.05.10"]
[Round "5"]
[White "Garcia Brion, Eduardo"]
[Black "Rabadan Velasco, Raul"]
[Result "1-0"]
[WhiteElo "2191"]
[BlackElo "2353"]
[PlyCount "74"]
[EventDate "2011.05.09"]
[EventType "team-swiss"]
[EventRounds "9"]
[EventCountry "ESP"]
[SourceTitle "CBM 142 Extra"]
[Source "ChessBase"]
[SourceDate "2011.06.27"]
[SourceVersion "1"]
[SourceVersionDate "2011.06.27"]
[SourceQuality "1"]

1. d4 f5 2. g3 Nf6 3. Bg2 g6 4. c4 Bg7 5. Nc3 0-0 6. b4 Nc6 7. c5 e6 8. Bxc6 bxc6 9. Rb1 a5 10. Qa4 Ne4 11. Nxe4 fxe4 12. Be3 e5 13. bxa5 Qf6 14. Rb4 Qf5 15. dxe5 Bxe5 16. Rxe4 Ba6 17. Kf1 Rab8 18. Bf4 Bg7 19. Kg2 Qxc5 20. Nf3 d5 21. Rc1 Qxc1 22. Bxc1 dxe4 23. Qxe4 Rbe8 24. Qxc6 Bxe2 25. Bf4 h6 26. Qxc7 Kh7 27. Ne5 Re7 28. Qb6 g5 29. Nc4 Bxc4 30. Be3 Rff7 31. f3 Bd5 32. Qc5 Rd7 33. a6 Rfe7 34. a7 g4 35. Qc1 gxf3+ 36. Kf2 Bb7 37. Qb1+ Kg8 1-0

[Event "ESP-ch Universities"]
[Site "Alicante"]
[Date "2011.05.10"]
[Round "8"]
[White "Rabadan Velasco, Raul"]
[Black "Jimenez Martinez, Jose Vicente"]
[Result "1-0"]
[WhiteElo "2353"]
[BlackElo "2279"]
[PlyCount "59"]
[EventDate "2011.05.09"]
[EventType "team-swiss"]
[EventRounds "9"]
[EventCountry "ESP"]
[SourceTitle "CBM 142 Extra"]
[Source "ChessBase"]
[SourceDate "2011.06.27"]
[SourceVersion "1"]
[SourceVersionDate "2011.06.27"]
[SourceQuality "1"]

1. e4 d6 2. Nc3 g6 3. Bc4 Nf6 4. f4 Bg7 5. Nf3 c6 6. Bb3 0-0 7. 0-0 Na6 8. Qe1 Nc5 9. d4 Nxb3 10. axb3 Bg4 11. Qh4 Bxf3 12. Rxf3 e5 13. dxe5 dxe5 14. f5 gxf5 15. Rxf5 Ne8 16. Qg3 f6 17. Be3 Rf7 18. Qh3 Qd7 19. Qh4 Bf8 20. Raf1 Rd8 21. Ne2 Qe7 22. Ng3 Rg7 23. R5f3 Rg6 24. Nf5 Qf7 25. Qh3 b6 26. Nh4 Qd7 27. Rf5 Qe6 28. Nxg6 hxg6 29. Rxf6 Qxh3 30. Rxf8+ 1-0

[Event "ESP-chT2 Gr2"]
[Site "Granada"]
[Date "2010.08.08"]
[Round "6"]
[White "Rabadan Velasco, Raul"]
[Black "Sanchez Saez, Francisco"]
[Result "0-1"]
[WhiteElo "2359"]
[BlackElo "2195"]
[PlyCount "82"]
[EventDate "2010.08.04"]
[EventType "team-tourn"]
[EventRounds "6"]
[EventCountry "ESP"]
[SourceTitle "CBM 137 Extra"]
[Source "ChessBase"]
[SourceDate "2010.09.01"]
[SourceVersion "1"]
[SourceVersionDate "2010.09.01"]
[SourceQuality "1"]

1. d4 Nf6 2. c4 g6 3. Nc3 Bg7 4. e4 d6 5. Nge2 0-0 6. Ng3 Nfd7 7. Be2 c5 8. d5 a6 9. 0-0 b5 10. cxb5 axb5 11. Bxb5 Ba6 12. Bxa6 Nxa6 13. Bg5 h6 14. Be3 Qa5 15. h4 Ne5 16. Qe2 Qb4 17. Rfb1 Qc4 18. h5 Nb4 19. Qd2 Ng4 20. Nge2 Nxe3 21. fxe3 Nxa2 22. Nxa2 Rxa2 23. Rxa2 Qxa2 24. Qc2 g5 25. Nc1 Qa7 26. Kf2 Rb8 27. b3 Qd7 28. Qe2 Rf8 29. g4 Rb8 30. Kf3 Rb6 31. Qc4 Rb4 32. Qc2 Qb7 33. Nd3 Rb6 34. Qc4 Ra6 35. b4 Ra3 36. Rb3 Rxb3 37. Qxb3 Qb5 38. Qa3 cxb4 39. Qb3 Bc3 40. Nf2 Qf1 41. Qd1 Be1 0-1

[Event "Palma de Mallorca op 4th"]
[Site "Palma de Mallorca"]
[Date "2009.11.23"]
[Round "4"]
[White "Rabadan Velasco, Raul"]
[Black "Roig Squar, Jason"]
[Result "1-0"]
[WhiteElo "2334"]
[BlackElo "2110"]
[PlyCount "110"]
[EventDate "2009.11.21"]
[EventType "swiss"]
[EventRounds "9"]
[EventCountry "ESP"]
[SourceTitle "EXT 2011"]
[Source "ChessBase"]
[SourceDate "2010.11.26"]
[SourceVersion "1"]
[SourceVersionDate "2010.11.26"]
[SourceQuality "1"]

1. e4 c5 2. Nf3 d6 3. d4 cxd4 4. Nxd4 Nf6 5. Nc3 a6 6. h3 e5 7. Nde2 Be7 8. g4 Be6 9. Bg2 Nbd7 10. Ng3 0-0 11. Nf5 Nb6 12. 0-0 Rc8 13. Re1 Re8 14. Re3 Qc7 15. Rd3 Bxf5 16. exf5 e4 17. Nxe4 Nxe4 18. Bxe4 Bf6 19. Bf3 Nc4 20. c3 Ne5 21. Re3 h6 22. Bd5 Qb6 23. Qb3 Qxb3 24. axb3 Nc6 25. Rxe8+ Rxe8 26. Be3 Re5 27. Bxc6 bxc6 28. Rxa6 Rb5 29. b4 c5 30. bxc5 dxc5 31. Rc6 Rxb2 32. Rxc5 Rc2 33. c4 Kf8 34. Rc7 Bd8 35. Rc8 Ke7 36. c5 Kd7 37. Ra8 Rc4 38. Ra7+ Bc7 39. Kg2 Kc8 40. Ra8+ Kd7 41. Kf3 Ke7 42. Ra7 Kd7 43. Ke2 Kc6 44. Ra8 h5 45. Kf3 Be5 46. Rf8 hxg4+ 47. hxg4 f6 48. Rf7 Bd4 49. Rxg7 Rc3 50. Ke4 Bxc5 51. Bxc5 Rxc5 52. Rf7 Rc4+ 53. Kf3 Rc3+ 54. Kg2 Kd5 55. Rxf6 Ke5 1-0

[Event "Palma de Mallorca op 4th"]
[Site "Palma de Mallorca"]
[Date "2009.11.21"]
[Round "1"]
[White "Milian Calatayud, Jose Luis"]
[Black "Rabadan Velasco, Raul"]
[Result "1/2-1/2"]
[WhiteElo "1728"]
[BlackElo "2334"]
[PlyCount "66"]
[EventDate "2009.11.21"]
[EventType "swiss"]
[EventRounds "9"]
[EventCountry "ESP"]
[SourceTitle "EXT 2011"]
[Source "ChessBase"]
[SourceDate "2010.11.26"]
[SourceVersion "1"]
[SourceVersionDate "2010.11.26"]
[SourceQuality "1"]

1. e4 c5 2. c3 d6 3. g3 g6 4. Bg2 Bg7 5. Nf3 Nc6 6. 0-0 e5 7. d3 Nge7 8. Be3 0-0 9. Nbd2 f5 10. exf5 gxf5 11. Bg5 Be6 12. Nh4 Qd7 13. f4 Nd5 14. fxe5 h6 15. Bxd5 Bxd5 16. Bf6 Nxe5 17. Bxg7 Kxg7 18. d4 cxd4 19. cxd4 Ng6 20. Qh5 Nxh4 21. Qxh4 Qd8 22. Qxd8 Raxd8 23. b3 Rc8 24. Rac1 Rxc1 25. Rxc1 f4 26. Rc7+ Kf6 27. Rd7 Ke6 28. Rh7 fxg3 29. Rxh6+ Kd7 30. hxg3 Rc8 31. Rh7+ Ke6 32. Rh6+ Kd7 33. Rh7+ Ke6 1/2-1/2